000 00580nam a2200241Ia 4500
003 OSt
005 20221005115816.0
006 a|||||r|||| 00| 0
007 ta
008 221004b |||||||| |||| 00| 0 eng d
024 _a80589
037 _cTextual
040 _aCRL
_cCRL
_beng
041 _2eng
_aeng
082 _aK94.2, L8
100 _aWhitakker Romulus
_9628148
245 0 _aCommon Indian snakes
260 _c1978
300 _a154p.
_ccm.
650 _aZOOLOGY
942 _hK94.2, L8
_cTEXL
_2cc
999 _c1035959
_d1035959